| 000 | 00575nam a22001937a 4500 | ||
|---|---|---|---|
| 003 | 0 | ||
| 005 | 20231204124422.0 | ||
| 008 | 231204b xxu||||| |||| 00| 0 eng d | ||
| 020 | _a978-621-416-127-0 | ||
| 050 |
_aHF 5686 _b.D45 2022 |
||
| 100 | _aDe Leon, Norma D. | ||
| 245 |
_aCost accounting and control: 2022 edition _cNorma D. De Leon |
||
| 250 | _a2022 edition | ||
| 260 |
_aManila _bGIC Enterprises & Co., Inc. _cc2022. |
||
| 300 |
_a440 pages ; _c25 cm. |
||
| 504 | _aIncludes bibliographical references. | ||
| 650 | _aCost accountng. | ||
| 942 |
_2lcc _cFILP |
||
| 999 |
_c365698 _d365698 |
||